Sports Quiz

Random Sports or WWE Quiz

WWF/WWE Big 4 Venue Quiz Stats

 Plays Quiz not verified by Sporcle

Support Sporcle.
Go Orange.
Score 0/138 Timer 20:00
0 Plays Today
Event Venue % Correct
WrestleManiaMadison Square Garden
89.7%
WrestleMania XMadison Square Garden
89.7%
WrestleMania XXMadison Square Garden
89.7%
Survivor SeriesMadison Square Garden
89.7%
Survivor SeriesMadison Square Garden
89.7%
Survivor SeriesMadison Square Garden
89.7%
SummerSlamMadison Square Garden
89.7%
SummerSlamMadison Square Garden
89.7%
SummerSlamMadison Square Garden
89.7%
Royal RumbleMadison Square Garden
89.7%
Royal RumbleMadison Square Garden
89.7%
WrestleMania XXXMercedes-Benz Superdome
82.1%
WrestleMania XXXIVMercedes-Benz Superdome
82.1%
WrestleMania XXIStaples Center
74.4%
Survivor SeriesStaples Center
74.4%
SummerSlamStaples Center
74.4%
SummerSlamStaples Center
74.4%
SummerSlamStaples Center
74.4%
SummerSlamStaples Center
74.4%
SummerSlamStaples Center
74.4%
SummerSlamStaples Center
74.4%
WrestleMania IIRosemont Horizon
66.7%
WrestleMania XIIIRosemont Horizon
66.7%
WrestleMania XVIIReliant Astrodome
66.7%
Survivor SeriesRosemont Horizon
66.7%
WrestleMania VISkyDome
61.5%
WrestleMania XVIIISkyDome
61.5%
WrestleMania XXIXMetLife Stadium
61.5%
WrestleMania XXXVMetLife Stadium
61.5%
WrestleMania XXXIIAT&T Stadium
59%
Survivor SeriesBoston Garden
59%
WrestleMania IIIPontiac Silverdome
56.4%
WrestleMania XIHartford Civic Center
56.4%
WrestleMania XIVFleetCenter
56.4%
WrestleMania XXIIIFord Field
56.4%
WrestleMania XXVIIGeorgia Dome
56.4%
Survivor SeriesHartford Civic Center
56.4%
Survivor SeriesTD Banknorth Garden
56.4%
Survivor SeriesTD Garden
56.4%
SummerSlamTD Banknorth Garden
56.4%
SummerSlamTD Garden
56.4%
Royal RumbleAlamodome
56.4%
Royal RumbleFleet Center
56.4%
Royal RumbleTD Garden
56.4%
Royal RumbleAlamodome
56.4%
SummerSlamBarclays Center
53.8%
Event Venue % Correct
SummerSlamBarclays Center
53.8%
SummerSlamBarclays Center
53.8%
SummerSlamBarclays Center
53.8%
WrestleMania XVFirst Union Center
51.3%
WrestleMania XXXILevi's Stadium
51.3%
WrestleMania XXXVIRaymond James Stadium
51.3%
Survivor SeriesWachovia Center
51.3%
Royal RumbleWachovia Center
51.3%
WrestleMania VIIIHoosier Dome
48.7%
WrestleMania XIIArrowhead Pond
48.7%
WrestleMania XXVIUniversity of Phoenix Stadium
48.7%
SummerSlamThe Palace of Auburn Hills
48.7%
WrestleMania XIXSafeco Field
46.2%
Survivor SeriesJoe Louis Arena
46.2%
Survivor SeriesJoe Louis Arena
46.2%
Survivor SeriesJoe Louis Arena
46.2%
Survivor SeriesAmerican Airlines Arena
46.2%
Survivor SeriesAmerican Airlines Arena
46.2%
SummerSlamUnited Center
46.2%
Royal RumbleSave Mart Center
46.2%
Royal RumbleAmerican Airlines Arena
46.2%
Royal RumbleJoe Louis Arena
46.2%
WrestleMania XVIArrowhead Pond of Anaheim
43.6%
WrestleMania XXVReliant Stadium
43.6%
WrestleMania XXVIIISun Life Stadium
43.6%
Survivor SeriesRichfield Coliseum
43.6%
Survivor SeriesColiseum at Richfield
43.6%
Survivor SeriesRichfield Coliseum
43.6%
Survivor SeriesAmerican Airlines Center
43.6%
Survivor SeriesGund Arena
43.6%
SummerSlamGund Arena
43.6%
Royal RumbleArrowhead Pond of Anaheim
43.6%
WrestleMania XXIIAllstate Arena
41%
Survivor SeriesVerizon Center
41%
Survivor SeriesPhilips Arena
41%
Survivor SeriesAllstate Arena
41%
Royal RumblePhilips Arena
41%
Royal RumbleAT&T Center
41%
Royal RumblePhilips Arena
41%
Royal RumbleWells Fargo Center
41%
Royal RumbleWells Fargo Center
41%
WrestleMania XXIVFlorida Citrus Bowl
38.5%
WrestleMania XXXIIICamping World Stadium
38.5%
Survivor SeriesGreensboro Coliseum
38.5%
Survivor SeriesAir Canada Centre
38.5%
Survivor SeriesToyota Center
38.5%
Event Venue % Correct
SummerSlamWembley Stadium
38.5%
SummerSlamTarget Center
38.5%
SummerSlamAir Canada Centre
38.5%
SummerSlamMCI Center
38.5%
SummerSlamConseco Fieldhouse
38.5%
Royal RumbleOrlando Arena
38.5%
Royal RumbleMinute Maid Park
38.5%
WrestleMania IXCaesars Palace
35.9%
WrestleMania XXXVIISoFi Stadium
33.3%
Survivor SeriesMolson Centre
33.3%
Survivor SeriesBankers Life Fieldhouse
33.3%
Survivor SeriesScottrade Center
33.3%
SummerSlamSpectrum
33.3%
SummerSlamContinental Airlines Arena
33.3%
SummerSlamContinental Airlines Arena
33.3%
Royal RumbleProvidence Civic Center
33.3%
Royal RumbleNew Orleans Arena
33.3%
Royal RumbleScottrade Center
33.3%
Royal RumbleConsol Energy Center
33.3%
Royal RumbleChase Field
33.3%
Survivor SeriesUSAir Arena
30.8%
Survivor SeriesKiel Center
30.8%
Survivor SeriesIce Palace
30.8%
SummerSlamBrendan Byrne Arena
30.8%
Royal RumbleThe Summit
30.8%
Royal RumbleKnickerbocker Arena
30.8%
Royal RumbleARCO Arena
30.8%
Survivor SeriesFreeman Coliseum
28.2%
Royal RumbleMiami Arena
28.2%
Royal RumbleSan Jose Arena
28.2%
Royal RumbleAmway Center
28.2%
Royal RumbleCopps Coliseum
28.2%
WrestleMania IVAtlantic City Convention Hall
25.6%
WrestleMania VAtlantic City Convention Hall
25.6%
SummerSlamCompaq Center
25.6%
Royal RumbleUS Airways Center
25.6%
SummerSlamRaleigh Entertainment and Sports Arena
23.1%
SummerSlamAmerica West Arena
23.1%
SummerSlamScotiabank Arena
23.1%
Royal RumbleSelland Arena
23.1%
WrestleMania IINassau Veterans Memorial Coliseum
20.5%
SummerSlamCivic Arena
20.5%
SummerSlamNassau Veterans Memorial Coliseum
20.5%
WrestleMania IILos Angeles Memorial Sports Arena
17.9%
WrestleMania VIILos Angeles Memorial Sports Arena
17.9%
Royal RumbleUSF Sun Dome
17.9%

You're not logged in!

Compare scores with friends on all Sporcle quizzes.
OR
Log In

From the Vault

Measurements

by Derek

So I was trying to bake a cake the other day and I couldn't remember how many pecks were in a bushel, so I thought this measurement conversion quiz would help.
Remove Ads.
Support Sporcle.
Get the best of Sporcle when you Go Orange. This ad-free experience offers more features, more stats, and more fun while also helping to support Sporcle. Thank you for becoming a member.

Show Comments

Extras

Created Feb 21, 2020ReportNominate
Tags:WWE Quiz

Top Quizzes Today


Score Distribution

Your Account Isn't Verified!

In order to create a playlist on Sporcle, you need to verify the email address you used during registration. Go to your Sporcle Settings to finish the process.

Report this User

Report this user for behavior that violates our Community Guidelines.

Details: